Devatenácté století slovem i obrazem dějiny politické a kulturní Díl I. Svazek prvý

Bibliographic Details
Main Author: Klecanda, Jan 1855-1920 (Author)
Format: Book
Language:Czech
Published: Praha Nakladatel jos. R. Vilímek [1904]
Subjects:

MARC

LEADER 00000cam a2200000 a 4500
001 vtls001427977
003 SK-MaSNL
005 20260301220204.0
008 240318s1904 xr fac f 0 00 cze
035 |a SNK000382967 
040 |a SNK  |b slo  |c SNK  |e AACR2 
044 |a xr 
080 |a (035)  |2 2001 
080 |a (437.3)  |2 2001 
080 |a 94 (430)  |2 2001 
100 1 |a Klecanda, Jan  |d 1855-1920  |4 aut  |9 553054 
245 1 0 |a Devatenácté století slovem i obrazem  |b dějiny politické a kulturní  |n Díl I. Svazek prvý  |c red. Jan Klecanda 
260 |a Praha  |b Nakladatel jos. R. Vilímek  |c [1904] 
300 |a 616 s.  |b ill., fotogr., portréty  |c 28 cm 
500 |a Signet vydavateľa 
563 |a Väzba pôvodná, lepenka  |3 Časť väzby poškodená  |5 SVKPO: C 2107/I., zv. 1. 
648 7 |a 19. stor.  |2 svkpo  |9 278793 
650 0 7 |a dejiny  |2 svkpo  |9 3825 
651 7 |a Česko  |2 svkpo  |9 16753 
651 7 |a Európa  |2 svkpo  |9 167569 
655 7 |a príručky  |2 svkpo  |9 74364 
958 |a ONDV 
999 |c 930921  |d 932851 
952 |t snkKLE/1 94""18""  |a SNKUST  |b SNKUST  |y PREZ  |7 0  |p 17A0296335  |o snkIB 35415/1   |i snkD 4549/76  |0 0  |1 0  |4 0  |d 2002-01-26  |l 0  |r 2025-04-28 00:00:00  |w 2026-02-24